Statistics for Best Austin Powers Quotes Quiz

Click here to take the quiz!

General Stats

  • This quiz has been taken 1,148 times
    (1,146 since last reset)
  • The average score is 10 of 15

Answer Stats

CharacterQuoteAnswer% Correct
Austin PowersShall we shag now, or shall we ____ later?shag
96%
Austin PowersLet me ask you a question, and be honest. Do I make you _____?horny
93%
Doctor EvilYou know, I have one simple request. And that is to have sharks with frickin' _____ beams attached to their heads!laser
91%
Doctor EvilThrow me a frickin' ____ here!bone
85%
Doctor EvilWhy must I be surrounded by frickin' _____?idiots
84%
Austin PowersThat ain't no woman! It's a ___, baby!man
78%
Doctor EvilMini-Me, you ________ me.complete
77%
Austin PowersAllow myself to introduce... ______.myself
76%
Austin PowersActually, my name is Austin Powers. ______ is my middle name.Danger
72%
Austin PowersWho throws a ____? Honestly!shoe
67%
Doctor EvilIt's Dr. Evil, I didn't spend six years in ____ Medical School to be called "mister," thank you very much.Evil
63%
Austin PowersI think you're shag_____, baby! You're switched on! You're smashing!adelic
57%
FrauSend in the _______!fembots
37%
Doctor EvilTry the Hot _______, they're breathtaking!Pockets
31%
Doctor EvilThere's nothing as pathetic as an aging _______.hipster
16%

Score Distribution

Percentile by Number Answered

Percent of People with Each Score

Your Score History

You have not taken this quiz since the last reset